000 00582nam a22001817a 4500
003 0
005 20231228094520.0
008 231228b xxu||||| |||| 00| 0 eng d
020 _a978-621-409-132-4
050 _aR 724
_b.P33 2019
100 _aPadilla, Reynaldo A.
245 _aEthics : a textbook for the new general educaton curriculum
_cReynaldo A. Padilla
260 _aMandaluyong City
_bBooks Atbp. Publishing Corp.
_cc2019.
300 _axii, 184 pages ;
_c22cm.
504 _aIncludes bibliographical references and index.
650 _aEthics.
942 _2lcc
_cBK
999 _c365802
_d365802